000 01806nam a22002777a 4500
999 _c63097
_d63097
003 Ge_BSU
005 20250602150416.0
008 250602s2022 ge ||||| |||| 00| 0 geo d
020 _a9789941313271
041 _ageo
080 _a51(075.3) მ-15
245 _aმათემატიკა: IX კლასი:
_bმოსწავლის წიგნი: II ნაწილი /
_cავტორები: გურამ გოგიშვილი, თეიმურაზ ვეფხვაძე, ია მებონია, ლამარა ქურჩიშვილი; რედაქტორი: თეიმურაზ ვეფხვაძე.
250 _aპირველი გამოცემა.
264 _aთბილისი:
_bინტელექტი,
_c2021.
300 _a 284 გვ.:
_bილ.;
_c27 სმ.
500 _aგრიფმინიჭებულია საქართველოს განათლებისა და მეცნიერების სამინისტროს მიერ 2021 წელს.
653 _aკვადრატული ფუნქცია
653 _aმრავალკუთხედების მსგავსება
653 _aალბათობა--წრეწირი
700 _aგოგიშვილი, გურამ
_eავტორი
_95601
700 _a ვეფხვაძე, თეიმურაზ
_eავტორი
_925208
700 _aმებონია, ია
_eავტორი
_95603
700 _aქურჩიშვილი, ლამარა
_eავტორი
_925209
700 _aვეფხვაძე, თეიმურაზ
_eრედაქტორი
_95602
942 _2udc
_cᲬᲘᲒᲜᲘ